00566nam a2200181Ia 4500003000900000008004100009020001800050040001600068080002300084245010000107260003900207300001400246650004100260650002500301650001900326650001200345700002700357IN-BaIIA211028s9999 xx 000 0 eng d a0-306-17068-X cIIA Library a047.1:533.9bREV-8 0aReviews of plasma physics: vol.8cedited by M. A. Leontovich  aNew YorkbConsultants Bureauc1980 axi, 460p. aAstronomy and Astrophysics Thesaurus aMagnetohydrodynamics aPlasma Physics aPlasmas aLeontovich, M. A., ed.